Public relations for your business / (Record no. 345006)
[ view plain ]
| 000 -LEADER | |
|---|---|
| fixed length control field | 00736cam a22002771 4500 |
| 001 - CONTROL NUMBER | |
| control field | 5969657 |
| 003 - CONTROL NUMBER IDENTIFIER | |
| control field | NUST |
| 005 - DATE AND TIME OF LATEST TRANSACTION | |
| control field | 20240605121758.0 |
| 008 - FIXED-LENGTH DATA ELEMENTS--GENERAL INFORMATION | |
| fixed length control field | 721215s1939 xx 000 0 eng |
| 010 ## - LIBRARY OF CONGRESS CONTROL NUMBER | |
| LC control number | 39004888 |
| 020 ## - INTERNATIONAL STANDARD BOOK NUMBER | |
| International Standard Book Number | 978-1852520038 |
| 035 ## - SYSTEM CONTROL NUMBER | |
| System control number | (OCoLC)518240 |
| 040 ## - CATALOGING SOURCE | |
| Original cataloging agency | DLC |
| Transcribing agency | OClU |
| Modifying agency | DLC |
| 042 ## - AUTHENTICATION CODE | |
| Authentication code | premarc |
| 050 00 - LIBRARY OF CONGRESS CALL NUMBER | |
| Classification number | HF5353 |
| Item number | .W7 |
| 082 ## - DEWEY DECIMAL CLASSIFICATION NUMBER | |
| Classification number | 659.2 |
| Author Mark | JEF |
| 100 1# - MAIN ENTRY--PERSONAL NAME | |
| Personal name | Jefkins, Frank |
| 9 (RLIN) | 468 |
| 245 10 - TITLE STATEMENT | |
| Title | Public relations for your business / |
| Statement of responsibility, etc. | by Frank Jefkins. |
| 260 ## - PUBLICATION, DISTRIBUTION, ETC. | |
| Place of publication, distribution, etc. | New York: |
| Name of publisher, distributor, etc. | Excel Books, |
| Date of publication, distribution, etc. | 1995 |
| 300 ## - PHYSICAL DESCRIPTION | |
| Extent | 189p. |
| Dimensions | 21cm. |
| 650 #0 - SUBJECT ADDED ENTRY--TOPICAL TERM | |
| Topical term or geographic name entry element | Business |
| 650 #0 - SUBJECT ADDED ENTRY--TOPICAL TERM | |
| Topical term or geographic name entry element | Publicity |
| 9 (RLIN) | 37528 |
| 650 #0 - SUBJECT ADDED ENTRY--TOPICAL TERM | |
| Topical term or geographic name entry element | Public Relations |
| 9 (RLIN) | 469 |
| 906 ## - LOCAL DATA ELEMENT F, LDF (RLIN) | |
| a | 7 |
| b | cbc |
| c | oclcrpl |
| d | u |
| e | ncip |
| f | 19 |
| g | y-gencatlg |
| 942 ## - ADDED ENTRY ELEMENTS (KOHA) | |
| Source of classification or shelving scheme | |
| Koha item type | Book |
| Withdrawn status | Lost status | Source of classification or shelving scheme | Damaged status | Not for loan | Permanent Location | Current Location | Shelving location | Date acquired | Full call number | Barcode | Date last seen | Price effective from | Koha item type | Total Checkouts |
|---|---|---|---|---|---|---|---|---|---|---|---|---|---|---|
| Central Library (CL) | Central Library (CL) | Advertising | 08/28/2013 | 659.2 JEF | NBSD-606 | 08/28/2013 | 08/28/2013 | Book | ||||||
| Central Library (CL) | Central Library (CL) | Advertising | 08/28/2013 | 659.2 JEF | NBSD-605 | 05/17/2016 | 08/28/2013 | Book | ||||||
| Central Library (CL) | Central Library (CL) | Advertising | 06/05/2024 | 659.2 JEF | SEECS008975 | 06/05/2024 | 06/05/2024 | Book | ||||||
| Central Library (CL) | Central Library (CL) | Advertising | 06/05/2024 | 659.2 JEF | SEECS008976 | 06/05/2024 | 06/05/2024 | Book | ||||||
| Central Library (CL) | Central Library (CL) | Advertising | 06/05/2024 | 659.2 JEF | RCMS000701 | 06/05/2024 | 06/05/2024 | Book | ||||||
| Central Library (CL) | Central Library (CL) | Advertising | 06/05/2024 | 659.2 JEF | NBS2266 | 06/05/2024 | 06/05/2024 | Book | ||||||
| Central Library (CL) | Central Library (CL) | Advertising | 06/05/2024 | 659.2 JEF | SEECS000679 | 06/05/2024 | 06/05/2024 | Book |
